| 000 | 00948nam a22002057a 4500 | ||
|---|---|---|---|
| 005 | 20240703170224.0 | ||
| 010 | _aENG-140746 | ||
| 020 |
_c2275.00 _a978819557590 |
||
| 035 | _aEN-124278 | ||
| 037 | _bDBAD | ||
| 082 | _a621.31244 | ||
| 100 |
_aGupta, Ajay Kumar _968081 |
||
| 245 |
_aSolar PV Power and Solar Products Handbook _cby Ajay Kumar Gupta |
||
| 250 | _aFirst | ||
| 260 |
_aDelhi _bNIIR PROJECT CONSULTANCY SERVICES _c2022 |
||
| 270 |
_a106-E, Kamla Nagar, _bDelhi _e110007 _k+911123843955 _k+911123845886 _k+911123845654 _l+911123845886 _minfo@niir.org _mnpcs.india@gmail.com |
||
| 300 |
_axv, 368p. _c21cm (pb) |
||
| 500 | _a(Solar Energy, Solar Lighting, Solar Power Plant, Solar Panel, Solar Pump, Solar Photovoltaic Cell, Solar Inverter, Solar Thermal Power Plant, Solar Farm, Solar Cell Modules with Manufacturing Process, Equipment Details, Plant Layout & Process Flow Chart) | ||
| 942 |
_2ddc _cEN _h621.31244 _mGup |
||
| 999 |
_c203925 _d203925 |
||